000 00180nam a2200073Ia 4500
008 170617s9999 xx 000 0 und d
100 _aHugo & Russell
245 0 _aPharmaceutical Microbiology
260 _bBirla Pub
999 _c15090
_d15090